MAASAI MARA UNIVERSITY

LIBRARY CATALOGUE

Contact Us: +254 020 2685356/7 or 0774 057787

Box: 861-20500, NAROK, KENYA

Email: info@mmarau.ac.ke

The incredible shrinking critic : (Record no. 16821)

MARC details
000 -LEADER
fixed length control field 01419cam a22003734a 4500
001 - CONTROL NUMBER
control field 14362176
003 - CONTROL NUMBER IDENTIFIER
control field OSt
005 - DATE AND TIME OF LATEST TRANSACTION
control field 20220113073033.0
008 - FIXED-LENGTH DATA ELEMENTS--GENERAL INFORMATION
fixed length control field 060503s2006 nyua 001 0deng
010 ## - LIBRARY OF CONGRESS CONTROL NUMBER
LC control number 2006042967
020 ## - INTERNATIONAL STANDARD BOOK NUMBER
International Standard Book Number 1583332626
020 ## - INTERNATIONAL STANDARD BOOK NUMBER
International Standard Book Number 9781583332627
020 ## - INTERNATIONAL STANDARD BOOK NUMBER
International Standard Book Number 9781583332627
035 ## - SYSTEM CONTROL NUMBER
System control number (OCoLC)ocm68786818
035 ## - SYSTEM CONTROL NUMBER
System control number (OCoLC)68786818
040 ## - CATALOGING SOURCE
Original cataloging agency MMU
Transcribing agency MMU
Modifying agency MMU
Language of cataloging eng
042 ## - AUTHENTICATION CODE
Authentication code pcc
043 ## - GEOGRAPHIC AREA CODE
Geographic area code n-us---
050 00 - LIBRARY OF CONGRESS CALL NUMBER
Classification number RC628
Item number .B399 2006
082 00 - DEWEY DECIMAL CLASSIFICATION NUMBER
Classification number 362.196/3980092
-- B
Edition number 22
100 1# - MAIN ENTRY--PERSONAL NAME
Personal name Bernard, Jami.
245 14 - TITLE STATEMENT
Title The incredible shrinking critic :
Remainder of title 75 pounds and counting : my excellent adventure in weight loss /
Statement of responsibility, etc. Jami Bernard.
260 ## - PUBLICATION, DISTRIBUTION, ETC. (IMPRINT)
Place of publication, distribution, etc. New York :
Name of publisher, distributor, etc. Avery,
Date of publication, distribution, etc. c2006.
300 ## - PHYSICAL DESCRIPTION
Extent xv, 286 p. :
Other physical details ill. ;
Dimensions 24 cm.
500 ## - GENERAL NOTE
General note Includes index.
600 10 - SUBJECT ADDED ENTRY--PERSONAL NAME
Personal name Bernard, Jami
General subdivision Health.
650 #0 - SUBJECT ADDED ENTRY--TOPICAL TERM
Topical term or geographic name as entry element Overweight women
Geographic subdivision United States
Form subdivision Biography.
650 #0 - SUBJECT ADDED ENTRY--TOPICAL TERM
Topical term or geographic name as entry element Weight loss
Form subdivision Case studies.
856 42 - ELECTRONIC LOCATION AND ACCESS
Materials specified Contributor biographical information
Uniform Resource Identifier <a href="http://www.loc.gov/catdir/enhancements/fy0720/2006042967-b.html">http://www.loc.gov/catdir/enhancements/fy0720/2006042967-b.html</a>
856 42 - ELECTRONIC LOCATION AND ACCESS
Materials specified Publisher description
Uniform Resource Identifier <a href="http://www.loc.gov/catdir/enhancements/fy0720/2006042967-d.html">http://www.loc.gov/catdir/enhancements/fy0720/2006042967-d.html</a>
906 ## - LOCAL DATA ELEMENT F, LDF (RLIN)
a 7
b cbc
c orignew
d 1
e ocip
f 20
g y-gencatlg
942 ## - ADDED ENTRY ELEMENTS (KOHA)
Source of classification or shelving scheme Library of Congress Classification
Koha item type L
Holdings
Withdrawn status Lost status Source of classification or shelving scheme Damaged status Not for loan Home library Current library Date acquired Source of acquisition Total Checkouts Full call number Barcode Date last seen Price effective from Koha item type
    Library of Congress Classification     Maasai Mara University Library -Main Campus Maasai Mara University Library -Main Campus 03/29/2016 Donation   RC628 .B399 2006 201210402 03/29/2016 03/29/2016 L
© 2016 Maasai Mara University.